Name that NFL Draft Bust - Statistics

General Stats
  • This quiz has been taken 58 times
  • The average score is 9 of 15
Answer Stats
College College Years Draft Pick Team Drafted By Answer % Correct
LSU 2003-2006 2007 #1 Overall Raiders Jamarcus Russell
88%
Texas A&M 2011-2013 2014 #22 Overall Browns Johnny Manziel
84%
Washington State 1995-1997 1998 #2 Overall Chargers Ryan Leaf
82%
NDSU 2018-2020 2021 #3 Overall 49ers Trey Lance
82%
Fresno State 1997-2001 2002 #1 Overall Texans David Carr
80%
Kentucky 1996-1998 1999 #1 Overall Browns Tim Couch
80%
West Virginia 2013-2014 2015 #7 Overall Bears Kevin White
51%
USC 2001-2005 2006 #10 Overall Cardinals Matt Leinart
51%
Penn State 1992-1994 1995 #1 Overall Bengals Ki-Jana Carter
49%
Alabama 2009-2011 2012 #3 Overall Browns Trent Richardson
47%
Penn State 1996-1999 2000 #1 Overall Browns Courtney Brown
45%
West Virginia 2009-2012 2013 #8 Overall Rams Tavon Austin
45%
Texas A&M 2010-2012 2013 #2 Overall Jaguars Luke Joeckel
31%
Oregon 2008-2012 2013 #3 Overall Dolphins Dion Jordan
27%
Michigan State 1984-1988 1989 #2 Overall Packers Tony Mandarich
27%
No matching quizzes found
Score Distribution
Percent of People with Each Score
Percentile by Number Answered
Your Score History
You have not taken this quiz